000 00751cam a2200205 a 4500
001 000001607
005 20200929145633.0
008 810327s1924 fr a 001 0 fre
040 _aDO-SdBNP
_bspa
_cBNPHU
082 _a733.3
_bR543a
100 1 _aRidder, A. De
_q(Ridder Andre Henri Pierre de),
_d1868-1921.
_95265
245 1 2 _aL'art en Grece :
_bavec 66 figures dans le texte et 23 planches hors texte /
_cA. De Ridder ; W. Deonna.
260 _aParis :
_bRenaissance du livre,
_c1924.
300 _axxviii, 419 p. :
_bil. ;
_c19 cm.
490 1 _aL'evolution de l'Humanite
650 4 _aEscultura griega
_95266
650 4 _aArte griego
_xHistoria
_95267
700 1 _aDeonna, Waldemar,
_d1868-1921.
_95268
830 0 _aL'evolution de l'Humanite.
_95269
999 _c1501
_d1501